Ibn Battuta (Record no. 10682)

000 -LEADER
fixed length control field 00714 a2200193 4500
020 ## - INTERNATIONAL STANDARD BOOK NUMBER
International Standard Book Number 0710095686
082 ## - DEWEY DECIMAL CLASSIFICATION NUMBER
Classification number 915.0423
100 00 - MAIN ENTRY--PERSONAL NAME
Personal name Ibn Batuta
245 10 - TITLE STATEMENT
Title Ibn Battuta
Remainder of title : travels in Asia and Africa, 1325-1354.
260 ## - PUBLICATION, DISTRIBUTION, ETC.
Place of publication, distribution, etc. London
Name of publisher, distributor, etc. : Routledge & Kegan Paul,
Date of publication, distribution, etc. 1983.
300 ## - PHYSICAL DESCRIPTION
Extent 398 p. : ill., maps.
500 ## - GENERAL NOTE
General note First ed. published as : Travels in Asia and Africa, 1325-1354, 1929.
600 10 - SUBJECT ADDED ENTRY--PERSONAL NAME
Personal name Ibn Batuta
Dates associated with a name , 1304-1377
General subdivision Travel
-- Asia.
9 (RLIN) 119435
600 10 - SUBJECT ADDED ENTRY--PERSONAL NAME
Personal name Ibn Batuta
Dates associated with a name , 1304-1377
General subdivision Travel
-- Africa.
9 (RLIN) 119436
651 #0 - SUBJECT ADDED ENTRY--GEOGRAPHIC NAME
Geographic name Asia
General subdivision Description and travel.
9 (RLIN) 11233
651 #0 - SUBJECT ADDED ENTRY--GEOGRAPHIC NAME
Geographic name Africa
General subdivision Description and travel.
9 (RLIN) 119437
740 01 - ADDED ENTRY--UNCONTROLLED RELATED/ANALYTICAL TITLE
Uncontrolled related/analytical title Travels in Asia and Africa, 1325-1354.
942 ## - ADDED ENTRY ELEMENTS (KOHA)
Koha item type Book
Call number prefix 915.0423 ROU
Source of classification or shelving scheme
Holdings
Withdrawn status Lost status Source of classification or shelving scheme Damaged status Not for loan Permanent Location Current Location Date acquired Total Checkouts Total Renewals Full call number Barcode Checked out Date last seen Date last checked out Price effective from Koha item type
          Central Library (CL) Central Library (CL) 08/05/2021 3 3 916.0421 IBN SEECSD00430 03/11/2026 02/09/2026 02/09/2026 11/14/2012 Book
© 2023 Central Library, National University of Sciences and Technology. All Rights Reserved.